Normal view
MARC view
- Modudi, Syed Abulalw
Entry Personal Name
001 - CONTROL NUMBER
- control field: 17818
003 - CONTROL NUMBER IDENTIFIER
- control field: NUST
005 - DATE AND TIME OF LATEST TRANSACTION
- control field: 20190716115210.0
008 - FIXED-LENGTH DATA ELEMENTS
- fixed length control field: 190716|| aca||aabn | a|a d
040 ## - CATALOGING SOURCE
- Original cataloging agency: NUST
- Transcribing agency: NUST
100 ## - HEADING--PERSONAL NAME
- Personal name: Modudi, Syed Abulalw
670 ## - SOURCE DATA FOUND
- Source citation: Work cat.: (NUST): Modudi, Syed Abulalw, Tafheemul Quran /, 1993.
